| 000 | 00778nam a2200181 a 4500 | ||
|---|---|---|---|
| 008 | 120416s1989 ||||||||||||||||| || u | ||
| 020 | _a0716719401 | ||
| 050 | _aQD 31.2 Atk | ||
| 100 | _aAtkins, P. W. (Peter William), 1940- | ||
| 245 | 1 | 0 | _aGeneral chemistry |
| 260 |
_aNew York: _bScientific American Books Distributed by W.H.Freeman and Co _c1989 |
||
| 300 | _axxiv, 989p. : ill. | ||
| 350 | _a0.00 | ||
| 500 | _aIncludes index. | ||
| 650 | 0 | _aCHEMISTRY--HANDBOOKS, MANUALS, ETC | |
| 995 |
_aSHORT LOAN BOOKS _D0.00 _e727800 _FCBU-MAIN LIBRARY (Kitwe) _H2 _I21.95 _jQD 31.2 Atk _M1 _UAVAILABLE _WApr 20, 2007 _y026398 _ZShort Loan Collection |
||
| 995 |
_aSHORT LOAN BOOKS _D0.00 _e727799 _FCBU-MAIN LIBRARY (Kitwe) _H1 _I21.95 _jQD 31.2 Atk _M2 _UAVAILABLE _y026399 _ZShort Loan Collection |
||
| 999 |
_c75826 _d75826 |
||